La France d'Ancien Régime : Pouvoirs et société (notice n° 1925429)

détails MARC
000 -LEADER
fixed length control field 01586cam a2200157 4500500
005 - DATE AND TIME OF LATEST TRANSACTION
control field 20260329023210.0
041 ## - LANGUAGE CODE
Language code of text/sound track or separate title fre
042 ## - AUTHENTICATION CODE
Authentication code dc
100 10 - MAIN ENTRY--PERSONAL NAME
Personal name Millliot, Vincent
Relator term author
245 00 - TITLE STATEMENT
Title La France d'Ancien Régime : Pouvoirs et société
260 ## - PUBLICATION, DISTRIBUTION, ETC.
Name of publisher, distributor, etc. Armand Colin,<br/>
Date of publication, distribution, etc. 2018.<br/>
520 ## - SUMMARY, ETC.
Summary, etc. La France d’Ancien Régime constitue un univers à la fois fascinant et dépaysant pour l’observateur contemporain : la société tout entière est organisée de façon hiérarchique et pyramidale, autour des deux piliers que sont la monarchie et l’Église catholique qui, ensemble, gouvernent la vie de 20 à 28 millions de Français, appelés à louer Dieu et vénérer leur roi. Nourri des recherches les plus récentes et appuyé sur une longue expérience pédagogique, ce livre propose des clés pour comprendre les structures et le fonctionnement de la société française des XVIe, XVIIe et XVIIIe siècles. De manière claire et vivante, il restitue les conditions de vie, les manières de croire et de penser des différentes catégories de Français, et analyse de façon dynamique la lente construction de l’État royal ainsi que les contradictions qui exploseront en 1789. Une attention particulière a été portée aux outils et instruments de travail destinés à faciliter la réussite des étudiants de Licence auxquels ce livre s’adresse en priorité.
700 10 - ADDED ENTRY--PERSONAL NAME
Personal name Milliot, Vincent
Relator term author
700 10 - ADDED ENTRY--PERSONAL NAME
Personal name Minard, Philippe
Relator term author
856 41 - ELECTRONIC LOCATION AND ACCESS
Uniform Resource Identifier <a href="https://shs.cairn.info/la-france-d-ancien-regime--9782200620141?lang=fr&redirect-ssocas=7080">https://shs.cairn.info/la-france-d-ancien-regime--9782200620141?lang=fr&redirect-ssocas=7080</a>

Pas d'exemplaire disponible.

PLUDOC

PLUDOC est la plateforme unique et centralisée de gestion des bibliothèques physiques et numériques de Guinée administré par le CEDUST. Elle est la plus grande base de données de ressources documentaires pour les Étudiants, Enseignants chercheurs et Chercheurs de Guinée.

Adresse

627 919 101/664 919 101

25 boulevard du commerce
Kaloum, Conakry, Guinée

Réseaux sociaux

Powered by Netsen Group @ 2025